000 00277nam a2200109Ia 4500
008 200302s9999 xx 000 0 und d
100 _aMichael Rettinger
245 _aApplied Architectural Acoustics
260 _bChemical Publishing Co.Inc.
260 _c1947
300 _a189 P.,
999 _c5218
_d5218